Fish hatchery management

Bibliographic Details
Main Authors: Piper, Robert G. (Author), Fowler, Laurie G. (Author), Leonard, John R. (Author), McCraren, Joseph P. (Author), McElwain, Ivan B. (Author), Orme, Leo E. (Author)
Format: Book
Language:English
Published: Washington, D. C. : Franklin Classic Trade Press 2018

MARC

LEADER 00000cam a2200000 7i4500
001 0000099025
005 20210422093000.0
008 200812s2018 wau eng
020 |a 353248002 
020 |a 9780353248007 
040 |a UniSZA   |e rda 
050 0 0 |a SH151   |b .F57 2018 
090 0 0 |a SH151   |b .F57 2018 
100 1 |a Piper, Robert G. ,   |e author 
245 1 0 |a Fish hatchery management   |c Robert G. Piper, Ivan B. McElwain, Leo E. Orme, Joseph P. McCraren, Laurie G. Fowler, John R. Leonard 
264 1 |a Washington, D. C. :   |b Franklin Classic Trade Press   |c 2018 
300 |a xxii, 517 pages ;   |c 23cm. 
336 |a text  |2 rdacontent 
337 |a unmediated  |2 rdamedia 
338 |a volume  |2 rdacarrier 
500 |a Includes index 
505 0 |a 1. Hatchery Requirement -- 2. Hatchery Operations -- 3. Broodstock,spawning and egg handling -- 4. Nutrition and feeding -- 5. Fish health management -- 6. Transportation of live fishes 
700 1 |a Fowler, Laurie G. ,   |e author 
700 1 |a Leonard, John R. ,   |e author 
700 1 |a McCraren, Joseph P. ,   |e author 
700 1 |a McElwain, Ivan B. ,   |e author 
700 1 |a Orme, Leo E. ,   |e author 
999 |a 1000180378   |b Book   |c Open Shelf (1 Day)   |e Tembila Campus